书目信息 |
| 题名: |
电脑爱好者
|
|
| 作者: | 张成龙 编著 | |
| 分册: | ||
| 出版信息: | 延吉 延边人民出版社 2009.02 |
|
| 页数: | 250页 | |
| 开本: | 20cm | |
| 丛书名: | ||
| 单 册: | ||
| 中图分类: | TP315 | |
| 科图分类: | ||
| 主题词: | 软件 | |
| 电子资源: | ||
| ISBN: | 978-7-80698-391-1 | |
| 000 | 00556nam0 2200205 45 | |
| 001 | 0930089922 | |
| 005 | 20120327103149.03 | |
| 010 | @a978-7-80698-391-1@dCNY26.00 | |
| 100 | @a20090515d2009 ekmy0 y0120 ea | |
| 102 | @aCN@b130000 | |
| 105 | @ay z 000yy | |
| 200 | 1 | @a电脑爱好者@f张成龙编著@Fzhang cheng long bian zhu |
| 210 | @a延吉@c延边人民出版社@d2009.02 | |
| 215 | @a250页@d20cm | |
| 606 | 0 | @a软件 |
| 690 | @aTP315@v4 | |
| 701 | 0 | @a张成龙@Azhang cheng long@4编著 |
| 801 | 0 | @aCN@c20091018 |
| 905 | @a10447@dTP315@eZ0802 | |
| 906 | @d26@n2@r1 | |
| 电脑爱好者/张成龙编著.-延吉:延边人民出版社,2009.02 |
| 250页;20cm |
| ISBN 978-7-80698-391-1:CNY26.00 |
| ● |
| 相关链接 |
|
|
|
正题名:电脑爱好者
索取号:TP315/Z0802
 
预约/预借
| 序号 | 登录号 | 条形码 | 馆藏地/架位号 | 状态 | 备注 |
| 1 | 654836 | 206548360 | 自科库301/301自科库 57排3列2层/ [索取号:TP315/Z0802] | 在馆 | |
| 2 | 654837 | 206548379 | 自科库301/301自科库 57排3列2层/ [索取号:TP315/Z0802] | 在馆 |